| 000 | 01037nam a22003137a 4500 | ||
|---|---|---|---|
| 003 | CHAP | ||
| 005 | 20220329140222.0 | ||
| 008 | 971013s1976 r 00010 d | ||
| 010 | _a48725 | ||
| 011 | _a49697 | ||
| 035 | _a53847 | ||
| 040 | _cCHAP | ||
| 090 | _aTesis | ||
| 100 | 0 | 0 |
_aVelázquez Rayas, Juan Manuel. _9118614 |
| 245 | _aMedir el efecto que producen los microorganismos del rumen en forma liofilizada en becerras | ||
| 260 |
_a(Monterrey, N.L>) : _bEl auotr, _c1976 |
||
| 300 | _a61 h. | ||
| 502 | _aTesis (Ing. Agrónomo Zootecnista) -- ITESM. Div. de Ciencias Agropecuarias y Marítimas | ||
| 590 |
_aALEPH _b10 _c20130110 _lUCH01 _h1320 |
||
| 590 |
_aBATCH-UPD _b10 _c20130110 _lUCH01 _h1453 |
||
| 590 |
_aBATCH-UPD _b10 _c20130410 _lUCH01 _h0919 |
||
| 590 |
_aBATCH-UPD _b10 _c20130914 _lUCH01 _h0552 |
||
| 590 |
_aCONVERSION _b10 _c20130109 _lUCH01 _h1327 |
||
| 650 | 1 | 4 |
_aBecerros _xAlimentación. _911172 |
| 650 | 1 | 4 |
_aDestete. _932201 |
| 901 | _aBK | ||
| 942 | _cTESIS | ||
| 949 |
_bBC _cTES _d-119139 _eTS1 _i53847 _si |
||
| 999 |
_c48725 _d48725 |
||